LEADER 01128nam--2200373---450- 001 990005814970203316 005 20130306142516.0 010 $a978-3-938593-19-6 035 $a000581497 035 $aUSA01000581497 035 $a(ALEPH)000581497USA01 035 $a000581497 100 $a20130306d2012----km-y0itay50------ba 101 0 $ager 102 $aDE 105 $a||||||||001yy 200 1 $a<> Stimmen aus dem Limbus$eBob Dylans späte Song Poetry$fHeinrich Detering 210 $aMünchen$cCarl Friedrich von Siemens Stiftung$d2012 215 $a61 p.$c1 ritratto$d21 cm 225 2 $aThemen$v95 410 0$12001$aThemen$v95 600 1$aDylan,$bBob$2BNCF 676 $a782.421620092 700 1$aDETERING,$bHeinrich$0327800 801 0$aIT$bsalbc$gISBD 912 $a990005814970203316 951 $aXIII.3.D. 554$b8344 L.G.$cXIII.3.D.$d00313262 959 $aBK 969 $aUMA 979 $aPASSARO$b90$c20130306$lUSA01$h1421 979 $aPASSARO$b90$c20130306$lUSA01$h1423 979 $aPASSARO$b90$c20130306$lUSA01$h1425 996 $aStimmen aus dem Limbus$91089011 997 $aUNISA